Les plus gros transferts du football - Milieux défensifs - Statistiques

Statistiques générales
  • Ce quiz a été pris 158 fois
  • Le résultat moyen est 9 sur 10
Statistiques - réponses
Montant de transfert (M €) Saison Nationalité Venant de Allant à Joueur % Correct
116,60 2023-2024 Angleterre West Ham United Arsenal Declan Rice
99%
70,65 2022-2023 Brésil Real Madrid Manchester United Casemiro
98%
80,00 2022-2023 France AS Monaco Real Madrid Aurélien Tchouaméni
96%
60,00 2023-2024 Uruguay Sporting CP Paris SG Manuel Ugarte
95%
70,00 2019-2020 Espagne Atlético Madrid Manchester City Rodri
95%
64,00 2023-2024 Italie AC Milan Newcastle United Sandro Tonali
93%
80,60 2020-2021 Brésil Barcelone Juventus Turin Arthur Melo
83%
116,00 2023-2024 Équateur Brighton Chelsea Moisés Caicedo
83%
57,00 2018-2019 Brésil / Italie Napoli Chelsea Jorginho
73%
62,10 2023-2024 Belgique Southampton Chelsea Roméo Lavia
45%
Aucun quiz correspondant
Distribution des résultats
% des personnes avec chaque résultat
Percentile par nombre de réponses
Votre historique - résultats
Vous n’avez pas pris ce quiz